000 00776nam a22002537a 4500
005 20171101162624.0
010 _aG-001251 ENG-120969
020 _a9788190461603
_c495.00
035 _aG-001251 EN-104501
037 _bGift
037 _bDBAD/PUB
082 _a909.09
100 _aMunjall, Praduman
245 _aSeven wonders of the world /
_cby Praduman Munjaal
246 _a7 wonders of the world
260 _aPanchkula :
_bSwastik Prakashan,
_c2008.
270 _aSCO 43, Ist Floor, Swastik Vihar, MDC,
_bPanchkula
_e134112
_k0172-2593612
300 _a236 p.
_c24 cm (Hb)
650 _aArchitecture
650 _aEngineering
650 _aCuriosities and wonders
650 _aArchaeology, Medieval
942 _2ddc
_cEN
_h909.09
_mMUN
999 _c56265
_d56265